00331nam a2200121Ia 4500008004100000041000800041082001700049100001800066245004500084260003900129300003200168365000900200240624s9999 xx 000 0 und d aeng a658.4063 DAH aDAHLEN MICAEL aCREATIVITY UNLIMITED THINKING INSIDE THE c2008aEnglandbJohn Wiley and Sons axiii, : 362 : p. : cm. ; 18 cb30